000 00559cam a22002174a 4500
005 20250605164312.0
008 250528s ||||||||||||||||||||||||d
035 _a22557
020 _a9780139368417
040 _aGR-AtMCL
_bgre
_dGR-AtMCL
_eAACR2
245 1 _aAN INTRODUCTION TO QUALITY MANAGEMENT AND ENGINEERING
250 _a1
260 _bPrentice Hall,
_c1999
300 _a235
700 1 _aRenick Stephen
_98339
700 1 _aSavoie Michael J
_98340
700 1 _aSower Victor E
_98341
942 _cBK
999 _c7605
_d7605